Majetková struktura podniku

Členenie majetku podniku podľa pravidiel účtovníctva. Charakteristika investičného a obežného majetku. Likvidita podniku.

Salvato in:
Dettagli Bibliografici
Autore principale: Synek, Miloslav
Natura: Libro
Lingua:ceco
Soggetti:
Tags: Aggiungi Tag
Nessun Tag, puoi essere il primo ad aggiungerne!!

MARC

LEADER 00000nam a2200000 4500
001 r030377
005 20230920094259.0
041 0 |a cze 
044 |a CZ 
245 1 0 |a Majetková struktura podniku  |c Miloslav Synek 
520 |a Členenie majetku podniku podľa pravidiel účtovníctva. Charakteristika investičného a obežného majetku. Likvidita podniku. 
610 2 0 |a hospodárstvo podnikové 
610 2 0 |a majetok 
610 2 0 |a majetok podnikový 
610 2 0 |a majetok investičný 
610 2 0 |a majetok obežný 
610 2 0 |a likvidita 
100 1 |a Synek, Miloslav